Intelligenztests
Der neuen UTB-Reihe "Profile" entsprechend kompakter Überblick über die Erkenntnisse und Schwerpunkte der wissenschaftlichen Messung der Intelligenz durch Tests, welche in der differenziellen Psychologie angesiedelt ist. Themen: Theorien und Modelle zur Intelligenz; generelle Merkmale von...
| Authors: | ; |
|---|---|
| Format: | Print Book |
| Language: | German |
| Published: |
München Basel
Reinhardt
2008
|
| In: | Year: 2008 |
| Online Access: |
Inhaltstext (Publisher) Table of Contents Rezension (Publisher) |
| Check availability: | HBZ Gateway |
| Subito Delivery Service: | Order now. |
| Keywords: |
MARC
| LEADER | 00000cam a2200000 c 4500 | ||
|---|---|---|---|
| 001 | 568513983 | ||
| 003 | DE-627 | ||
| 005 | 20251223215338.0 | ||
| 007 | tu | ||
| 008 | 080605s2008 gw ||||| 00| ||ger c | ||
| 015 | |a 08,N24,0821 |2 dnb | ||
| 015 | |a 08,N24,0821 |2 dnb | ||
| 016 | 7 | |a 988865386 |2 DE-101 | |
| 020 | |a 9783825230272 |c Kt. : ca. sfr 18.90 (freier Pr.), ca. EUR 9.90, ca. EUR 10.20 (AT) |9 978-3-8252-3027-2 | ||
| 020 | |z 978349720270 | ||
| 024 | 3 | |a 9783825230272 | |
| 035 | |a (DE-627)568513983 | ||
| 035 | |a (DE-576)281670927 | ||
| 035 | |a (DE-599)DNB988865386 | ||
| 035 | |a (OCoLC)244080719 | ||
| 035 | |a (OCoLC)244080719 | ||
| 035 | |a (DE-478)952412998 | ||
| 040 | |a DE-627 |b ger |c DE-627 |e rakwb | ||
| 041 | |a ger | ||
| 044 | |c XA-DE-BY |c XA-CH | ||
| 060 | 0 | |a BF 431 | |
| 072 | 7 | |a 9534 |2 wsb | |
| 082 | 0 | |a 153.93 | |
| 082 | 0 | 4 | |a 150 |
| 084 | |a Mck |2 asb | ||
| 084 | |a Mbk 6 |2 asb | ||
| 084 | |a MCK 1 |2 ssd | ||
| 084 | |a MBK 6 |2 ssd | ||
| 084 | |a PSY 180 |2 sfb | ||
| 084 | |a PSY 870,2 |2 sfb | ||
| 084 | |a F 121 |2 kab | ||
| 084 | |a 5,3 |2 ssgn | ||
| 084 | |a CS 3000 |2 rvk |0 (DE-625)rvk/19042: | ||
| 084 | |a 77.08 |2 bkl | ||
| 090 | |a a | ||
| 100 | 1 | |a Preckel, Franzis |d 1971- |0 (DE-588)124626750 |0 (DE-627)363453865 |0 (DE-576)18662056X |4 aut | |
| 109 | |a Preckel, Franzis 1971- |a Preckel, F. 1971- | ||
| 245 | 1 | 0 | |a Intelligenztests |c Franzis Preckel; Matthias Brüll |
| 264 | 1 | |a München |a Basel |b Reinhardt |c 2008 | |
| 300 | |a 98 S. |b graph. Darst. | ||
| 336 | |a Text |b txt |2 rdacontent | ||
| 337 | |a ohne Hilfsmittel zu benutzen |b n |2 rdamedia | ||
| 338 | |a Band |b nc |2 rdacarrier | ||
| 490 | 0 | |a UTB |v 3027 |a Profile | |
| 490 | 0 | |a UTB Profile | |
| 500 | |a Literaturverz. S. 90 - 96 | ||
| 520 | |a Der neuen UTB-Reihe "Profile" entsprechend kompakter Überblick über die Erkenntnisse und Schwerpunkte der wissenschaftlichen Messung der Intelligenz durch Tests, welche in der differenziellen Psychologie angesiedelt ist. Themen: Theorien und Modelle zur Intelligenz; generelle Merkmale von psychometrischen Tests: Messmethoden, Gütekriterien, Auswertungsaspekte; IQ-Test im Besonderen: Geschichte, Anwendungsmöglichkeiten und -grenzen; die zurzeit gebräuchlichsten Tests im Überblick. Am Schluss ein Anwendungsbeispiel. In jedem Kapitel Definitionen in Kästchen sowie zusammenfassende "Kernaussagen" und Literatur-/Internet-Ressourcen. Im Anhang Glossar, Bibliografie, Register. - Besonders für Psychologen und Pädagogen in Ausbildung und Beruf empfohlen; auch neben dem Überblick "Intelligenzdiagnostik" (ID 18/05), an dem einer der Autoren mitgewirkt hat, sowie - für den detaillierten Zugang - den großen Nachschlagewerken und Lehrbüchern zur psychologischen Diagnostik, etwa von K.-D. Kubinger (zuletzt ID 25/03), M. Amelang (zuletzt ID 51/06), H.-J. Fisseni (ID 16/97). (2 S) | ||
| 650 | 2 | |a Intelligence Tests |x standards | |
| 650 | 2 | |a Psychological Tests | |
| 653 | |a Intelligence Tests / standards | ||
| 653 | |a Psychological Tests | ||
| 689 | 0 | 0 | |d s |0 (DE-588)4027254-0 |0 (DE-627)106285394 |0 (DE-576)208970061 |a Intelligenztest |2 gnd |
| 689 | 0 | |5 DE-101 | |
| 700 | 1 | |a Brüll, Matthias |d 1977- |0 (DE-588)135992478 |0 (DE-627)573852820 |0 (DE-576)281670919 |4 aut | |
| 856 | 4 | 2 | |u http://www.socialnet.de/rezensionen/isbn.php?isbn=978-3-8252-3027-2 |m V:DE-601 |m B:socialnet. |q text/html |v 201307-05 |x Verlag |y Rezension (socialnet.) |3 Rezension |7 1 |
| 856 | 4 | 2 | |u http://deposit.dnb.de/cgi-bin/dokserv?id=3115297&prov=M&dok_var=1&dok_ext=htm |m X: MVB |q text/html |v 20130501 |x Verlag |3 Inhaltstext |7 1 |
| 856 | 4 | 2 | |u http://bvbr.bib-bvb.de:8991/F?func=service&doc_library=BVB01&doc_number=016655575&line_number=0001&func_code=DB_RECORDS&service_type=MEDIA |m V:DE-604 |q application/pdf |3 Inhaltsverzeichnis |7 1 |
| 935 | |i sf | ||
| 936 | r | v | |a CS 3000 |b Intelligenzdiagnostik |k Psychologie |k Diagnostik |k Intelligenzdiagnostik |0 (DE-627)127151267X |0 (DE-625)rvk/19042: |0 (DE-576)20151267X |
| 936 | b | k | |a 77.08 |j Psychologische Diagnostik |0 (DE-627)106416448 |
| 951 | |a BO | ||
| ELC | |b 1 | ||
| LOK | |0 000 xxxxxcx a22 zn 4500 | ||
| LOK | |0 001 3175987982 | ||
| LOK | |0 003 DE-627 | ||
| LOK | |0 004 568513983 | ||
| LOK | |0 005 20090402102400 | ||
| LOK | |0 008 081006||||||||||||||||ger||||||| | ||
| LOK | |0 040 |a DE-21-110 |c DE-627 |d DE-21-110 | ||
| LOK | |0 541 |e 08/288 | ||
| LOK | |0 689 |a s |a Intelligenz | ||
| LOK | |0 689 |a s |a Testverfahren | ||
| LOK | |0 689 |a s |a Entwicklungspsychologie | ||
| LOK | |0 852 |z 1. Ex. | ||
| LOK | |0 852 |a DE-21-110 | ||
| LOK | |0 852 1 |c N II 177 |m p |9 00 | ||
| LOK | |0 936ln |a 8.7.5 | ||
| LOK | |0 938 |k p | ||
| LOK | |0 939 |a 06-10-08 |b l01 | ||
| LOK | |0 000 xxxxxcx a22 zn 4500 | ||
| LOK | |0 001 3175987990 | ||
| LOK | |0 003 DE-627 | ||
| LOK | |0 004 568513983 | ||
| LOK | |0 005 20090402102400 | ||
| LOK | |0 008 090402||||||||||||||||ger||||||| | ||
| LOK | |0 040 |a DE-21-110 |c DE-627 |d DE-21-110 | ||
| LOK | |0 541 |e 09/159 | ||
| LOK | |0 852 |z 2. Ex. | ||
| LOK | |0 852 |a DE-21-110 | ||
| LOK | |0 852 1 |c N II 177 |m p |9 00 | ||
| LOK | |0 935 |a i110 | ||
| LOK | |0 936ln |a 8.7.5 | ||
| LOK | |0 938 |a 0903 | ||
| LOK | |0 938 |k p | ||
| LOK | |0 939 |a 02-04-09 |b l02 | ||
| ORI | |a SA-MARC-krimdoka001.raw | ||
